|
|
|
|
| LEADER |
01265ppm a22002538a 4500 |
| 001 |
00043450 |
| 005 |
20190102070109.0 |
| 008 |
170627s2017 ||||||viesd |
| 041 |
0 |
# |
|a vie
|
| 082 |
1 |
4 |
|b QU105L
|a 373.246
|
| 100 |
1 |
# |
|a Trương, Văn Rua
|
| 245 |
0 |
0 |
|a Quản lý ứng dụng công nghệ thông tin trong hoạt động dạy học các trung tâm giáo dục nghề nghiệp - giáo dục thường xuyên thành phố Cần Thơ
|b Luận văn thạc sĩ khoa học Quản lí giáo dục. Chuyên ngành: Quản lí giáo dục . Mã số: 8 14 01 14
|c Trương Văn Rua ;Phan Trọng Nam (hướng dẫn)
|
| 260 |
# |
# |
|a Đồng Tháp
|b Đại học Đồng Tháp
|c 2018
|
| 300 |
# |
# |
|a 112 tr.
|c 30 cm.
|
| 500 |
# |
# |
|a ĐTTS ghi: Bộ giáo dục và đào tạo. Trường Đại học Đồng tháp
|
| 653 |
# |
# |
|a Cần Thơ
|
| 653 |
# |
# |
|a Quản lý ứng dụng
|
| 653 |
# |
# |
|a Nghề nghiệp
|
| 653 |
# |
# |
|a Giáo dục thường xuyên
|
| 653 |
# |
# |
|a Luận văn
|
| 700 |
1 |
# |
|a Phan, Trọng Nam
|e Hướng dẫn
|
| 852 |
# |
# |
|j LV.0001944
|j LV.0001932
|
| 910 |
0 |
# |
|d 2/1/2019
|
| 980 |
# |
# |
|a Trung tâm Học liệu Lê Vũ Hùng, Trường Đại học Đồng Tháp
|